Представление документа в формате MARC21

Поле Инд. ПП Название Значение
Тип записи a
Библиографический уровень b
001 Контрольный номер UNIDUBNA75c9f51699b14c08be61d5f526930001
005 Дата корректировки 20260521110336.7
008 Кодируемые данные 20170331
040 b Код языка каталог. rus
e Правила каталог. PSBO
041 0_ a Код языка текста rus
084 a Индекс другой классификации/Индекс ББК 63.3(2)6-7; 83.3(2=411.2)6
100 1_ a Автор Недошивин В.
e Роль лиц Недошивин Вячеслав
245 10 a Заглавие Ахматова. Петербург. Дом за домом
b Продолж. заглавия Путешествие по их этажам и ее влюбленностям
520 0_ a Аннотация На старости лет она сказала о себе: "Есть одна Ахматова, есть другая, а есть еще и третья". И тогда же призналась: "Никогда не знала, что такое счастливая любовь". Это она-то, создавшая редкие по силе стихи о любви? Она, у кого было три мужа, любивших ее, и вдруг несчастна? Да так ли это? И бывает ли у поэтов счастливая любовь? В публикации представлены три истории и три облика любви Ахматовой...
600 14 a Персоналии Анреп Борис Васильевич
a Персоналии Ахматова Анна Андреевна
a Персоналии Гумилев Николай Степанович
a Персоналии Лурье Артур Сергеевич
a Персоналии Пунин Николай Николаевич
650 14 a Основная рубрика история
a Основная рубрика история литературы
a Основная рубрика литературоведение
a Основная рубрика филологические науки
653 0_ a Ключевые слова XX век
a Ключевые слова Великая Отечественная война 1941-1945
a Ключевые слова культура
a Ключевые слова литературные салоны
a Ключевые слова поэзия
a Ключевые слова Россия
a Ключевые слова русская литература
a Ключевые слова советский период
a Ключевые слова СССР
a Ключевые слова творчество
a Ключевые слова тема любви
773 08 t Заглавие источника Родина
d Дата издания источника 2026
g Прочая информация № 4. - С. 70 - 77 : фот., ил.
w Контрольный № источника UNIDUBNAd3f1dc7f83864c1389850c509fe509f0
901 t Тип документа b